Biggest Cities in Venezuela - Statistics

General Stats
  • This quiz has been taken 23 times
  • The average score is 8 of 20
Answer Stats
Population City % Correct
2.090.000 Caracas
100%
2.260.000 Maracaibo
94%
1.090.000 Barquisimeto
75%
1.590.000 Valencia
75%
454.000 Barcelona
69%
465.000 Maracay
69%
893.000 Ciudad Guayana
63%
425.000 Ciudad Bolivar
56%
508.000 Maturin
44%
285.000 San Cristobal
38%
385.000 Cumana
31%
290.000 Merida
31%
357.000 Barinas
25%
300.000 Cabimas
19%
442.000 Petare
19%
299.000 Puerto La Cruz
19%
245.000 Guarenas
13%
357.000 Acarigua - Araure
0%
309.000 Baruta
0%
380.000 Tumero
0%
No matching quizzes found
Score Distribution
Percent of People with Each Score
Percentile by Number Answered
Your Score History
You have not taken this quiz